Statistics for Eternals Quiz!!

Click here to take the quiz!

General Stats

  • This quiz has been taken 35 times
  • The average score is 8 of 10

Answer Stats

Answer% Correct
Thena
96%
Sprite
91%
Druig
87%
Gilgamesh
87%
Ikaris
87%
Sersi
87%
Phastos
83%
Ajak
78%
Kingo
74%
Makkari
74%

Score Distribution

Percentile by Number Answered

Percent of People with Each Score

Your Score History

You have not taken this quiz